Domingo Gutiérrez (Record no. 12592)

MARC details
000 - LÍDER
campo de control de longitud fija 01261nam a2200265Ia 4500
008 - ELEMENTOS DE DATOS DE LONGITUD FIJA - INFORMACIÓN GENERAL
campo de control de longitud fija 0000001994 ve ad 0000000000spa00
090 ## - NÚMERO DE LLAMADA DE TIPO LC LOCALMENTE ASIGNADO (OCLC)
Número de clasificación (OCLC) (R) PSP00 D65d
100 1# - ENTRADA PRINCIPAL - NOMBRE PERSONAL
Nombre de la persona Duarte, Carlos F.
245 10 - TÍTULO DECLARACIÓN
Título Domingo Gutiérrez
Declaración de responsabilidad / textos Carlos F. Duarte ; fotografia Mariano U de Aldaca
260 ## - PUBLICACIÓN, DISTRIBUCIÓN
Lugar de publicación Caracas : Exlibris
Fecha de publicación 1994
300 ## - DESCRIPCIÓN FÍSICA
Alcance 1 plegable [4] p.
Dimensiones / 23 cm.
500 ## - NOTA GENERAL
Nota general Catálogo y saludo navideño de la Fundción Polar de Venezuela en 1994 \ Incluye datos biográficos del artista \ Artista nacido en España y nacionalizado en Venezuela \ Donación Fundación Cisneros, Caracas Venezuela, 2010 \ Proyecto Ganador Programa Apoyos Concertados FGAA 2010
501 ## - Con nota
Con nota Retablo de la orden tercera de San Francisco Confesionario Marco para la anunciación Domingo Gutiérrez, el maestro del rococó en Venezuela
600 00 - ENTRADA DE SUJETO AÑADIDO - NOMBRE PERSONAL
Nombre de la persona GUTIERREZ, DOMINGO, 17091793/
Subdivisión general TRABAJOS PICTORICOS
650 14 - ENTRADA DE SUJETO AÑADIDO - TÉRMINO TÓPICO
Término tópico o elemento de entrada del nombre geográfico ARTE BARROCO ESPAÑOL
650 14 - ENTRADA DE SUJETO AÑADIDO - TÉRMINO TÓPICO
Término tópico o elemento de entrada del nombre geográfico ARTE RELIGIOSO
650 14 - ENTRADA DE SUJETO AÑADIDO - TÉRMINO TÓPICO
Término tópico o elemento de entrada del nombre geográfico ARTE ROCOCO
650 14 - ENTRADA DE SUJETO AÑADIDO - TÉRMINO TÓPICO
Término tópico o elemento de entrada del nombre geográfico ARTISTAS PLASTICOS ESPAÑOLES EN VENEZUELA
650 14 - ENTRADA DE SUJETO AÑADIDO - TÉRMINO TÓPICO
Subdivisión general CATALOGOS
650 14 - ENTRADA DE SUJETO AÑADIDO - TÉRMINO TÓPICO
Término tópico o elemento de entrada del nombre geográfico NAVIDAD EN EL ARTE
650 14 - ENTRADA DE SUJETO AÑADIDO - TÉRMINO TÓPICO
Término tópico o elemento de entrada del nombre geográfico PINTORES ESPAÑOLES
650 14 - ENTRADA DE SUJETO AÑADIDO - TÉRMINO TÓPICO
Término tópico o elemento de entrada del nombre geográfico PINTURA ESPAÑOLA
650 14 - ENTRADA DE SUJETO AÑADIDO - TÉRMINO TÓPICO
Término tópico o elemento de entrada del nombre geográfico PINTURA SOBRE MADERA
700 1# - ENTRADA AGREGADA - NOMBRE PERSONAL
Nombre de la persona Aldaca, Mariano U de
Holdings
Estado de retirada Pérdida de estatus Estado dañado No para préstamo Código de recogida Ubicación permanente Ubicación actual Ubicación de las estanterías Fecha de adquisición Número de llamada completo Código de barras Fecha de la última vez que se vio Número de copia Precio efectivo desde Tipo de artículo Koha
        General ArtNexus ArtNexus General 06/09/2022 P-SP-00 D65D 12703 06/09/2022 Ej.1 06/09/2022 Libro

Powered by Koha